Piłkarze według kraju (60) - Statystyki

Ogólne statystyki
  • Ten quiz został rozwiązany 90 razy
    89 od ostatniego zresetowania
  • Średni wynik to 46 z 60
Statystyki odpowiedzi
Piłkarz Kraj % Poprawnych
Franz Beckenbauer Niemcy
99%
Gareth Bale Walia
99%
Gianluigi Buffon Włochy
96%
George Best Irlandia Północna
89%
Pele Brazylia
87%
Zinadine Zidane Francja
87%
Cristiano Ronaldo Portugalia
87%
Diego Maradona Argentyna
86%
Kevin De Bruyne Belgia
86%
Luka Modrić Chorwacja
86%
Pavel Nedved Czechy
86%
Mohammed Salah Egipt
86%
Johan Cruijff Holandia
86%
Son Heung-Min Korea Południowa
86%
Erling Haaland Norwegia
86%
Robert Lewandowski Polska
86%
Jan Oblak Słowenia
86%
Zlatan Ibrahimović Szwecja
86%
Hakan Calhanoglu Turcja
86%
Andrij Szewczenko Ukraina
86%
Achraf Hakimi Maroko
85%
Luis Suarez (ur. 1987) Urugwaj
85%
Chwicza Kwaracchelia Gruzja
84%
Lew Jaszyn Rosja
84%
Ferenc Puskas Węgry
84%
Didier Drogba Wybrzeże Kości Słoniowej
84%
Bobby Chartlon Anglia
82%
Keisuke Honda Japonia
82%
Edin Dzeko Bośnia i Hercegowina
81%
Peter Schmeichel Dania
81%
Alphonso Davies Kanada
81%
Kenny Dalglish Szkocja
81%
Granit Xhaka Szwajcaria
81%
Samuel Eto'o Kamerun
80%
Sadio Mane Senegal
80%
Marek Hamsik Słowacja
80%
Henrich Mychitarian Armenia
78%
Tim Cahill Australia
78%
Keylor Navas Kostaryka
78%
Georgios Karagounis Grecja
77%
Robbie Keane Irlandia
77%
Georgi Hagi Rumunia
77%
Riyad Mahrez Algieria
76%
Christoph Stoiczkov Bułgaria
76%
Aleksander Mitrović Serbia
76%
Eidur Gudjohnson Islandia
75%
Guilhermo Ochoa Meksyk
75%
Moises Caicedo Ekwador
73%
Jay-Jay Okocha Nigeria
73%
Mehdi Taremi Iran
66%
George Weah Liberia
66%
Stevan Jovetić Czarnogóra
65%
Goran Pandev Macedonia Północna
63%
Carlos Valderrama Kolumbia
62%
Vedat Muriqi Kosowo
57%
Asamoah Gyam Ghana
53%
Matthias Sindelar Austria
24%
Christian Pulisic Stany Zjednoczone Ameryki
24%
Lorik Cana Albania
18%
Luis Tejada Panama
15%
Nie znaleziono quizów pasujących do podanych kryteriów
Rozkład punktacji
Procent ludzi z każdym wynikiem
Percentyl według liczby udzielonych odpowiedzi
Twoja historia wyników
Nie rozwiązałeś tego quizu od ostatniego zresetowania